书目信息 |
| 题名: |
摆脱健忘
|
|
| 作者: | 胡维勤 主编 | |
| 分册: | ||
| 出版信息: | 哈尔滨 黑龙江科学技术出版社 2017 |
|
| 页数: | 214页 | |
| 开本: | 24cm | |
| 丛书名: | ||
| 单 册: | ||
| 中图分类: | R749.7 | |
| 科图分类: | ||
| 主题词: | 健忘--jian wang--防治 | |
| 电子资源: | ||
| ISBN: | 978-7-5388-9013-6 | |
| 000 | 00820nam0 2200253 450 | |
| 001 | 012001003630 | |
| 005 | 20131105083839.0 | |
| 010 | @a978-7-5388-9013-6@dCNY39.80 | |
| 099 | @aCAL 012017123457 | |
| 100 | @a20170502d2017 em y0chiy50 ea | |
| 101 | 0 | @achi |
| 102 | @aCN@b230000 | |
| 105 | @aa z 000yy | |
| 106 | @ar | |
| 200 | 1 | @a摆脱健忘@Abai tuo jian wang@f胡维勤主编 |
| 210 | @a哈尔滨@c黑龙江科学技术出版社@d2017 | |
| 215 | @a214页@c彩图@d24cm | |
| 314 | @a胡维勤, 知名医学家, 中国人民解放军总参警卫局保健处主任医师。 | |
| 330 | @a本书主要介绍导致健忘的原因, 以及怎样改善健忘。重点介绍改善健忘的方式 —— 食疗、按摩、运动等。 | |
| 606 | 0 | @a健忘@Ajian wang@x防治 |
| 690 | @aR749.7@v5 | |
| 701 | 0 | @a胡维勤@Ahu wei qin@4主编 |
| 801 | 2 | @aCN@b上海新华@c20191020 |
| 905 | @b1206050-3@dR749.7@e240@f4 | |
| 摆脱健忘/胡维勤主编.-哈尔滨:黑龙江科学技术出版社,2017 |
| 214页:彩图;24cm |
| ISBN 978-7-5388-9013-6:CNY39.80 |
| 本书主要介绍导致健忘的原因, 以及怎样改善健忘。重点介绍改善健忘的方式 —— 食疗、按摩、运动等。 |
| ● |
| 相关链接 |
|
|
|
|
正题名:摆脱健忘
索取号:R749.7/240
 
预约/预借
| 序号 | 登录号 | 条形码 | 馆藏地/架位号 | 状态 | 备注 |
| 1 | 1206050 | 212060507 | 第二样本阅览室/ [索取号:R749.7/240] | 在馆 | |
| 2 | 1206051 | 212060516 | 第三借阅区/ [索取号:R749.7/240] | 在馆 | |
| 3 | 1206052 | 212060525 | 第三借阅区/ [索取号:R749.7/240] | 在馆 | |
| 4 | 1206053 | 212060534 | 第三借阅区/ [索取号:R749.7/240] | 在馆 |